| 000 | 00676nam a22002537a 4500 | ||
|---|---|---|---|
| 003 | OSt | ||
| 005 | 20140310181958.0 | ||
| 008 | 121122t xxu||||| |||| 00| 0 eng d | ||
| 020 | _a044041508X | ||
| 050 |
_aPZ 7 _b.St914 1965 |
||
| 082 |
_aKF _bSt8b 1965 |
||
| 100 |
_aStreatfield, Noel _94371 |
||
| 245 |
_aBallet Shoes / _cNoel Streatfeild. |
||
| 260 |
_aNew york _bDell Publishing Co., Inc. _c1965 |
||
| 300 |
_a294 p. ; _b19 cm. |
||
| 521 | _aG | ||
| 541 | _j1 | ||
| 562 | _e1 | ||
| 650 |
_aDancing _xFiction _94851 |
||
| 650 |
_aBallet _xFiction _94852 |
||
| 650 |
_aChildren's literature _91986 |
||
| 700 |
_aStreatfield, Noel _94371 |
||
| 942 |
_2lcc _cBK-KF _kKF |
||
| 999 |
_c7958 _d7958 |
||